Quizzes
Events
Quiz Creation
Community
Videos
Private Events
Remove Ads
Sign In
Join for FREE
Feedback
Dark Mode
Quiz Categories
Sports
Geography
Music
Movies
Television
Just For Fun
Miscellaneous
History
Literature
Language
Science
Gaming
Entertainment
Religion
Holiday
For Kids
Quiz Lab
Recent
Popular Today
Quiz Kudos Today
Editor Picks
Curator Picks
Quizzes by...
Day
Popularity
Type
Ratings
Length
Year
Community
Subscriptions
Recent Discussions
Orange Saloon
Badges
Playlists
Quests
Create
Leaderboards
Showdown
Live 5
Trivia Bingo
Activity
Puzzle Library
Sporcle Events
Private Events
Virtual Trivia
Globe League
Become a Host
Pub Owners
SporcleCon
Opinionation
Our Games
Videos
Blog
Mobile Apps
Partnerships
Remove Ads and Go Orange
Feedback
Movies
Disney
Marvel Cinematic Universe
Movie Resume
Movie Titles
Oscar
Actor
Actress
Director
Pixar
Role
Movie Quotes
Movie Characters
Box Office
Nominee
Best Picture
Star Wars
James Bond
Horror Movies
Movies
Disney
Marvel Cinematic Universe
Movie Resume
Movie Titles
Oscar
Actor
Actress
Director
Pixar
Role
Movie Quotes
Movie Characters
Box Office
Nominee
Best Picture
Star Wars
James Bond
Horror Movies
Random Quiz
Search Sporcle
×
Quiz Lab
Quiz Lab
Movies
imdb
Type in answers that appear in a list
Type in answers that appear in a list
Classic
Best Score? Go Orange.
Coming to America Movie Quiz Stats
Can you name the following facts about the movie Coming to America?
By
Saltinuts40
10m
34 Questions
885 Plays
885 Plays
885 Plays
Comments
Comments
Give Quiz Kudos
Give Quiz Kudos
-
- Ratings
hide this ad
More Info
Random Order
Randomize order of answers
Randomize order of answers
Replay
Link that replays current quiz
Next Quiz
Link to next quiz in quiz playlist
You Got
0%
They Got
Avg Score
61%
Avg Friend Score
Upgrade to see
Score Distribution
Jump to the score distribution portion of the page
Score
0/34
Timer
10:00
0
Plays Today
Clue
Answer
% Correct
Does King Jaffe Joffer still have sex with his bathers?
Yes
85.2%
Where do they go in America?
Queens
83.7%
Who plays the old jewish man?
Eddie Murphy
83%
Who plays the man who hold's up the restaurant?
Samuel L. Jackson
80.3%
What product did Darryl's family invent?
Soul Glo
79.5%
What is the Name of the Restaurant?
McDowell's
79.4%
How old is Akeem?
21
79.2%
Name a command Akeem gives his first bride
Bark Like a Dog
77.7%
What fictional country is Akeem from?
Zamunda
76.1%
What's the name of the band the plays at the Black Awareness Rally?
Sexual Chocolate
75.3%
What does Akeem not want thrown at his feet?
Rose Petals
75.2%
Who plays the reverend?
Arsenio Hall
74.4%
What job does Lisa think Akeem does in Africa?
Goat Herding
69.9%
Who announced that Lisa and Darryl were getting married?
Her Father
69.4%
What movie are Randolph and Mortimer from?
Trading Places
69.1%
What movie did the King and Queen lend their voices to in 1994?
The Lion King
68.6%
What's the singer's name at the Black Awareness Rally?
Randy Watson
64.9%
Clue
Answer
% Correct
What does Akeem say to stop the cab?
Halt!
62.1%
Who does Darryl end up with?
Lisa's Sister
61.8%
'Well you know baby, I'm almost single, my husband's' where?
On Death Row
61%
Where did the King and Queen stay in America?
Waldorf-Astoria
56.9%
'I was _
_
_
_
_
_
_
_
_
_
_
_
_
_
_
_
_
in my former life'
Joan of Arc
56.5%
Who does Clarence think is the greatest boxer that ever lived?
Joe Louis
56.5%
Oha sings what song at the wedding?
She's Your Queen To Be
52.4%
What song was sang at the Black Awareness Rally?
The Greatest Love of All
47.2%
Who plays Maurice, the future asst. manager, at the Restaurant?
Louie Anderson
46.3%
Who 'gets his haircut' by Clarence?
Cuba Gooding Jr.
45.2%
Where did Akeem go with Patrice for their double date?
St. John's Game
45.2%
What does Akeem win at the Restaurant?
Employee of the Month
45.2%
What does Cleo McDowell make for the King and Queen to eat?
Pigs in a Blanket (The Frozen Kind)
43%
'There is a fine line between love and' what?
Nausea
38.7%
What tickets did Darryl give Cleo?
Jets Game
36.1%
Why shouldn't they use the elevator at the apartment?
'It's a Death Trap!'
35.4%
Who plays Queen Aoleon?
Madge Sinclair
23.8%
Quiz Playlist
Details
Report
Send in Message
Add To Playlist
More Info:
Can you answer questions about the best movie ever made?
Classic:
Type in answers that appear in a list
Random Order:
Randomize order of answers
Quiz Source
Last Updated: Apr 16, 2018
Quiz Scoreboard
CHALLENGE
Sign Up to Join the Scoreboard
Show All
Scores
Hide
Comments
May contain spoilers
Recently Published
Billboard Blitz: Fleetwood Mac
by CooCooCachoo
Music
15s
Presidents Visiting Landmarks
by Hejman
History
7m
An Introduction to Baseball
by treessimontrees
Sports
5m
More to Explore
Quiz From the Vault
Featured Blog Post
Where Did the Easter Bunny Come From?
hide this ad
You Might Also Like...
Tags
1980s
1988
Comedy
Eddie Murphy
imdb
Movie Stars
Today's Top Quizzes in Movies
Browse Movies
hide this ad
Today's Top Quizzes in imdb
Browse imdb
Top Contributed Quizzes in Movies
1
Pick 5 Posters: Directed by Spielberg
2
7-to-1: Pixar Characters
3
Pick 5 Posters: Lowest-Rated Spielberg
4
Pick 5 Posters: Directed by Scorsese
5
Sorting Actors
6
Sorting Actresses
7
Pick 5 Posters: Star & Director
8
Pick 5 Posters: Women Directed 2020s
9
12 Movies about Fictional 1960s Events
10
Multi-Oscar Nominations, One Movie, One Winner
Explore More
Trending Topics
Harry Potter
Kpop
Anime
Crossword
Marvel
Disney
NBA
Song
The Office
NFL
Puzzle
Soccer
WWE
Pokémon
Country
hide this ad
More By:
Saltinuts40
Quiz
Plays
Rating
Category
Featured
Created
73-9 Golden State Warriors lost to which 9 teams?
68,906
3.00
Sports
Apr 21, 2016
ANYTHING but a Golden State Warriors Player
6,347
4.00
Sports
May 9, 2017
Disney Movies in 2 Words
6,137
4.15
Entertainment
Dec 10, 2010
Top 300 MLB Home Run Hitters of All-Time
4,760
4.47
Sports
Dec 9, 2019
Top 300 NBA Scorers All-Time
2,757
4.13
Sports
Nov 13, 2019
Go to Creator's Profile
Score Distribution
Quiz Creator Spotlight
Saltinuts40
Follow
Send a Message
Quizzes Created
-
Created Quiz Play Count
-
More By This Creator
Popular Quizzes Today
1
Find the US States - No Outlines Minefield
2
Find the Countries of Europe - No Outlines Minefield
3
The Countries of the World
4
Find the US States
5
Popular People in 1961
6
US States
7
Risky Map Clicking: Biggest States A-Z
8
Movies - When Are They Set?
More Movies Quizzes
'The' Best Picture Winners
Published
Trending Quizzes
Risky Map Clicking: Least Populous States A-Z
1-10 Letter G Words
1-10 Letter F Words
Risky Map Clicking: Next State Alphabetically
Risky Map Clicking: Biggest States A-Z
Recently Updated
Leaping Animals
pecheneg
Reality TV Shows (A-Z)
bhenderson79
Rickey Henderson's Hall of Fame Teammates
pecheneg
Champions League XIs: Arsenal
pecheneg
Quick Pick: Celebrities in WWE's Hall of Fame
aduchscher
A-Z Keypad Blitz II
pecheneg
Multiple Oscar Actors
pecheneg
Mystery Phrase Blitz: Oscar 'Best Actors'
pecheneg
F. Scott Fitzgerald Novels
LTH
Pick 3 Villains
ddd62291
Trending Topics
NBA
Kpop
Harry Potter
Marvel
Crossword
Anime
Disney
Song
Puzzle
Soccer
NFL
The Office
WWE
Country
Pokémon
Your Account Isn't Verified!
In order to create a playlist on Sporcle, you need to verify the email address you used during registration. Go to your
Sporcle Settings
to finish the process.
Report this User
Report this user for behavior that violates our
Community Guidelines
.
Details:
Send Report
Go to the Sporcle.com Mobile Site →
Comments